00675nam a22002057a 450000500170000001000150001702000260003203500140005803700090007208200090008110000250009024500400011525000060015526000300016127000690019130000190026094200200027999900190029995201510031820260114151844.0 aENG-147446 a9789355460509c125.00 aEN-130978 bDBAD aN21 aLondon, Jack 986385 aThe Call of the Wild/c Jack London a1 aDelhibPharos Booksc2023 aPlot No. 55, Main Mother Dairy Road, Pandav NagarbDelhie110092 a91p.c21cm(pb) 2ddccENmLONhN c214137d214137 001040708FICaBL1bBL1d2026-01-14eDelivery of Books Act Divisiong125.00l0oLON NpEN-130978r2026-01-14 00:00:00t1v125.00w2026-01-14yEN